000 01058cam a22003137a 4500
003 CHAP
005 20220817042353.0
008 971013s1983 mx r 00010 spa d
010 _a42548
011 _a43520
035 _a47656
040 _cCHAP
090 _aFolleto 9040
110 1 _aMéxico. Dirección General de Organización de Productores
_977018
245 1 0 _aBases generales para la organización económica de productores rurales
260 _aMéxico, D.F. :
_bLa Dirección,
_c(1983?)
300 _a32 h
590 _aBATCH-UPD
_b10
_c20130110
_lUCH01
_h1133
590 _aBATCH-UPD
_b10
_c20130410
_lUCH01
_h0721
590 _aBATCH-UPD
_b10
_c20130914
_lUCH01
_h1824
590 _aCONVERSION
_b10
_c20130109
_lUCH01
_h1323
650 1 4 _aAgricultura
_xAspectos economicos
_zMexico.
_91312
650 1 4 _aAgricultura
_xTrabajadores
_xMexico.
_91867
650 1 4 _aMéxico
_xCondiciones rurales.
650 1 4 _aOrganización de productores.
_983544
901 _aBK
942 _cFOLL
949 _aFolleto 9040
_bBC
_cFOLL
_d-108220
_eTS1
_i47656
_mD
_si
999 _c42548
_d42548